00862nam a22001697a 4500008004100000020001500041050001600056100002000072245005400092260003200146300003000178500002000208505040700228650001700635650002300652650001700675120322t xxu||||| |||| 00| 0 eng d a1861526393 aHD70.14.C43 aChicken, John C aManagement and entrepreneurism /cJohn C. Chicken aAustralia:bThomsin,c2000. axiii,153 p.:bill;c23cm. aIncludes index. aContents: The Nature of activities requiring management -- The Forms of entrepreneurism -- The Forms of management -- The Real and imaginary constraints on management action -- The Reality of management in local goverment -- The Reality of management in central government -- The Reality of management and entrepreneurism in the private sector -- Where improvement in management efficiency can be made. aManagement.  aEntrepreneurship.  aManagement.